| 000 | 00353 a2200133 4500 | ||
|---|---|---|---|
| 001 | 88449 | ||
| 082 | _aPR 664 | ||
| 090 |
_c41874 _d41874 |
||
| 100 | _aGhulam Murtaza | ||
| 245 | _aDesign of pressure transducer (Diaphragm type) project | ||
| 260 |
_aKarachi _bUniversity of Karachi _c1971 |
||
| 300 | _a50p. | ||
| 500 | _aBE Project Reports | ||
| 942 |
_aUniversity of Karachi _kPR 664 |
||
| 999 |
_c323522 _d323522 |
||